LEADER 01899nam a2200361 u 4500 001 000000028306 003 CaOOAMICUS 005 20070226111804.0 008 960614s1995 it u000 u ita u 020 $a8805055514 035 $a10733891 040 $aEFR$bita$dBAV 110 2 $aArcidiocesi di Catania.$bConvegno internazionale$n(3 :$d1994 :$cCatania).$0(OLS)http://pul/name/23058 245 10$aChiesa e società in Sicilia :$bi secoli XVII-XIX : atti del III Convegno internazionale, 24-26 novembre 1994 /$corganizzato dall'arcidiocesi di Catania ; a cura di Gaetano Zito. 260 $aTorino :$bSocietà Editrice Internazionale,$cc1995. 300 $ax, 401 p. ;$c22 cm 490 1 $aStoria 500 $aIndex: p. [387]-401. 500 $aLe vol. comporte les actes du III des trois Colloques "La Chiesa di Catania e il suo territorio". 504 $aBibliographie en note. 650 4$aChiesa e questioni sociali$zSicilia$ySec. XVII-XIX$xCongressi.$0(OLS)http://pul/subject/16336 651 4$aSicilia$xStoria ecclesiastica$ySec. XVII-XIX.$0(OLS)http://pul/subject/16337 700 1 $aZito, Gaetano.$0(OLS)http://pul/name/15072 740 3 $aLa Chiesa di Catania e il suo territorio. 830 0$aStoria (Società editrice internazionale).$0(OLS)http://pul/title/38654 850 $aPUL 852 $aPUL$W1$xSL Filosofia 1$y2$m122 D 67$j39318$nBK-PRI$b $qStampati$B39318$CPULBib$Z2$F39318 $H $81 941 1 $a8 961 $aINV: 75989 996 $6020$a8805055514$9(OLS)http://pul/number/35138 996 $6245$aChiesa e società in Sicilia :$bi secoli XVII-XIX : atti del III Convegno internazionale, 24-26 novembre 1994$9(OLS)http://pul/title/38656 996 $6740$aLa Chiesa di Catania e il suo territorio$9(OLS)http://pul/title/38653 996 $6260$aTorino :$bSocietà Editrice Internazionale$9(OLS)http://pul/publisher/48746 LEADER 01011nam a2200253 u 4500 001 000000089073 003 CaOOAMICUS 005 20070226124559.0 008 051110s1956 fr af u000 u fre u 035 $a11067905 040 $aPUL(R)$bita 100 1 $aLudmann, René.$0(OLS)http://pul/name/57792 245 10$aCinéma :$bfoi et morale /$cpar René Ludmann. 260 $aParis :$bLes Éditions du Cerf,$c1956. 300 $a144 p., [8] p. di tav. :$bill. ;$c19 cm 490 1 $aRencontres ;$v46 504 $aBibliografia in nota. 650 4$aCinema$xCritica e interpretazione.$0(OLS)http://pul/subject/22062 830 0$aRencontres ;$v46.$0(OLS)http://pul/title/41206 850 $aPUL 852 $aPUL$W1$xDP1 Fondo Pastorale$y55$mP7 B 58$j112690$nBK-PRI$b $qFondi$B112690$CPULBib$Z2$F112690 $H $81 941 1 $a1 996 $6245$aCinéma :$bfoi et morale$9(OLS)http://pul/title/115054 996 $6260$aParis :$bLes Éditions du Cerf$9(OLS)http://pul/publisher/47861